00246nam a2200097Ia 4500008004100000100001600041245002800057260004700085300000800132650000800140191201s2003 xx 000 0 und d aMITHANI,D M 0aInternational Economics aN. DelhibHimalaya Publication Housec2003 a449 aMBA